000 00667nam a22002177a 4500
999 _c15002
_d15002
003 MIRAKIL
005 20220912165431.0
008 220912b tu ||||| |||| 00| 0 tur d
020 _a9786257288859
040 _aTR-AnCHP
_cTR-AnCHP
041 _aTur
082 _a791.43
_bA46d 2021
100 _aAkpınar, Hasan Aslan
245 _aDünya sinemasında İstanbul/ $c
_cHasan Aslan Akpınar, Barış Saydam,... [ve öte.]
260 _aİstanbul:
_bİstanbul Büyükşehir Belediyesi,
_c2021.
300 _a256 s.:
_bfotg.;
_c27 sm.
504 _aDizin vardır.
650 0 _94
_aTürkiye
_xSinema
_xTarih
700 _97191
_aSaydam, Barış
942 _2ddc
_cBKS